01212cam a2200361 a 45000010009000000050017000090080041000260100017000670200043000840200038001270350020001650400018001850420008002030500025002110600010002360820019002462450068002652460010003332460010003432500012003532600066003653000027004315000020004586300068004786500036005466500031005826500038006136500033006516500038006846500033007227100038007557100057007931766577620230622102116.0130318s2013 dcu 001 0 eng  a 2013011061 a9780890425541 (hardcover : alk. paper) a9780890425558 (pbk. : alk. paper) a(DNLM)101604226 aDNLM/DLCcDLC apcc00aRC455.2.C4bD54 201310aWM 1500a616.89/07522300aDiagnostic and statistical manual of mental disorders :bDSM-5.1 aDSM-51 aDSM-V a5th ed. aWashington, D.C. :bAmerican Psychiatric Association,cc2013. axliv, 947 p. ;c26 cm. aIncludes index.02aDiagnostic and statistical manual of mental disorders.s5th ed. 0aMental illnessxClassification. 0aMental illnessxDiagnosis. 2aMental Disordersxclassification. 2aMental Disordersxdiagnosis.12aMental Disordersxclassification.12aMental Disordersxdiagnosis.2 aAmerican Psychiatric Association.2 aAmerican Psychiatric Association.bDSM-5 Task Force.